000 00411nam a2200169Ia 4500
008 230711s9999||||xx |||||||||||||| ||und||
020 _a978-111-8090-71-8
041 _aENG
082 _a729
_bCH-I
100 _aChing,Francis DK
245 0 _aInterior design illustrated
250 _a3rd Ed.
260 _c2012
_aNew Jersey
_bJohn Wiley & Sons.Inc
300 _a378
650 _aArchitecture
942 _cBK
999 _c5707
_d5707